El aula va al cine : tres perspectivas y una didáctica específica /

Detalles Bibliográficos
Autores principales: Rojas Cervantes, Darío Enrique (Autor), Jaramillo Gutiérrez, María Angélica (Autor), Aros Alvarado, Andrés Mauricio (Autor)
Formato: Electrónico eBook
Lenguaje:español
Publicado: Bogotá : Editorial Uniagustiniana, 2024.
Colección:Artes, comunicación y cultura (Editorial Uniagustiniana)
Materias:
Acceso en línea:Digitalia Hispánica

MARC

LEADER 00000nam a2200000Ii 4500
001 DIGUAGANA0031
003 NyNyDIG
006 m o d
007 cr |||||||||||
008 241206s2024 ck a ob 000 0 spa d
035 |a (OCoLC)1479208507 
040 |a DGITA  |b eng  |e rda  |e pn  |c DGITA 
020 |a 9786287727014  |q (digital) 
020 |z 9786287727007  |q (impreso) 
041 0 |a spa  |b spa  |b eng 
050 1 4 |a PN1993 ebook 
100 1 |a Rojas Cervantes, Darío Enrique,  |e author. 
245 1 3 |a El aula va al cine :  |b tres perspectivas y una didáctica específica /  |c Darío Enrique Rojas Cervantes, María Angélica Jaramillo Gutiérrez, Andrés Mauricio Aros Alvarado. 
246 1 |i English title on cover:  |a Class goes to the cinema :  |b three perspectives and a specific didactic approach 
264 1 |a Bogotá :  |b Editorial Uniagustiniana,  |c 2024. 
300 |a 1 online resource :  |b illustrations. 
336 |a text  |b txt  |2 rdacontent 
337 |a computer  |b c  |2 rdamedia 
338 |a online resource  |b cr  |2 rdacarrier 
347 |a text file  |2 rdaft 
347 |b PDF 
490 1 |a Artes, comunicación y cultura 
504 |a Includes bibliographical references. 
546 |a Text in Spanish with abstract in Spanish and English. 
588 0 |a Online resource; title from PDF title page (Digitalia, viewed December 6, 2024) 
650 0 |a Motion pictures  |x Study and teaching. 
700 1 |a Jaramillo Gutiérrez, María Angélica,  |e author. 
700 1 |a Aros Alvarado, Andrés Mauricio,  |e author. 
776 0 8 |i Print version:  |a Rojas Cervantes, Darío Enrique.  |t Aula va al cine.  |d Bogotá : Editorial Uniagustiniana, 2024  |z 9786287727007 
791 2 |a Digitalia (Firm),  |e distributor. 
793 0 |g Digitalia eBook Collection:  |a Editorial Uniagustiniana 
830 0 |a Artes, comunicación y cultura (Editorial Uniagustiniana) 
856 4 0 |3 Digitalia Hispánica  |u https://www.digitaliapublishing.com/a/162830/ 
910 |a Premium collection: 2024